| Tag |
First Indicator |
Second Indicator |
Subfields |
| LEADER |
00000cem a2200000Ia 4500 |
| 001 |
in00002379110 |
| 005 |
20151109041324.0 |
| 008 |
820804s1982 oruag cp a s 0 eng d |
| 035 |
|
|
|a (OCoLC)ocm08657801
|
| 035 |
|
|
|a (OCoLC)8657801
|
| 040 |
|
|
|a OSO
|c OSO
|d OCL
|d TXA
|d UtOrBLW
|
| 043 |
|
|
|a n-us-or
|
| 049 |
|
|
|a TXAM
|
| 050 |
|
4 |
|a QE155
|b .A37 GMS 23
|
| 052 |
|
|
|a 4293
|b P6
|b Y3
|
| 090 |
|
|
|a G4291.C5 svar
|b .O71 no.23
|
| 100 |
1 |
|
|a Brownfield, M. E.
|
| 245 |
1 |
0 |
|a Geologic map of the Sheridan quadrangle, Polk and Yamhill Counties, Oregon /
|c geology by Michael E. Brownfield ; cartography by Paul E. Staub.
|
| 255 |
|
|
|a Scale 1:24,000 ;
|b polyconic projection.
|
| 264 |
|
1 |
|a Portland, Or. :
|b State of Oregon, Dept. of Geology and Mineral Industries,
|c 1982.
|
| 300 |
|
|
|a 1 map :
|b color ;
|c 58 x 41 on sheet 71 x 102 cm. folded in envelope 23 x 31 cm.
|
| 336 |
|
|
|a cartographic image
|b cri
|2 rdacontent
|
| 337 |
|
|
|a unmediated
|b n
|2 rdamedia
|
| 338 |
|
|
|a sheet
|b nb
|2 rdacarrier
|
| 490 |
1 |
|
|a Geological map series / State of Oregon, Department of Geology and Mineral Industries ;
|v GMS-23
|
| 500 |
|
|
|a Base map by U.S. Geological Survey.
|
| 500 |
|
|
|a Relief shown by contours and spot heights.
|
| 500 |
|
|
|a Text, table, chart and cross section on sheet.
|
| 504 |
|
|
|a Includes bibliographical references.
|
| 500 |
|
|
|a OR GM.4G29:GMS-23
|
| 500 |
|
|
|a Cartographic material.
|
| 650 |
|
0 |
|a Geology
|z Oregon
|z Sheridan Region
|v Maps.
|
| 700 |
1 |
|
|a Staub, Paul E.
|
| 710 |
1 |
|
|a Oregon.
|b Department of Geology and Mineral Industries.
|
| 710 |
2 |
|
|a Geological Survey (U.S.)
|
| 830 |
|
0 |
|a Geologic map series (Oregon. Department of Geology and Mineral Industries) ;
|v GMS-23.
|
| 948 |
|
|
|a cataloged
|b h
|c 2008/3/24
|d c
|e jgreene
|f 5:44:02 pm
|
| 994 |
|
|
|a C0
|b TXA
|
| 999 |
|
|
|a MARS
|
| 999 |
f |
f |
|s 088954bd-c6d6-300b-ae65-48d41c5a4d04
|i a6cf3e40-6ff6-30c8-bbaf-1ccbfd4eb366
|t 0
|
| 952 |
f |
f |
|p normal
|a Texas A&M University
|b College Station
|c Sterling C. Evans Library
|d Evans: Maps (2nd floor)
|t 0
|e G4291.C5 svar .O71 no.23
|h Library of Congress classification
|i unmediated -- sheet
|m A14834403237
|
| 998 |
f |
f |
|a G4291.C5 svar .O71 no.23
|t 0
|l Evans: Maps (2nd floor)
|